|
|
|
|
| LEADER |
00792cam a2200217 i 4500 |
| 020 |
|
|
|a 0060416165
|
| 082 |
0 |
0 |
|a 301.32
|b DEM
|
| 100 |
1 |
|
|a Demerath, Nicholas J
|
| 245 |
1 |
0 |
|a Birth control and foreign policy:
|b the alternatives to family planning/
|c Nicholas J. Demerath
|
| 260 |
|
|
|a New York :
|b Harper & Row,
|c 1976
|
| 300 |
|
|
|a x, 228 p.:
|
| 500 |
|
|
|a Includes index.
|
| 504 |
|
|
|a Bibliography: p. 211-222.
|
| 650 |
|
0 |
|a Birth control.
|
| 650 |
|
0 |
|a Population policy.
|
| 650 |
|
0 |
|a Fertility, Human.
|
| 650 |
|
0 |
|a Birth control
|z Developing countries.
|
| 650 |
|
0 |
|a Technical assistance, American
|z Developing countries.
|
| 942 |
|
|
|c BK
|
| 999 |
|
|
|c 298141
|d 298141
|
| 952 |
|
|
|0 0
|1 0
|4 0
|6 301_320000000000000_DEM_B
|7 0
|8 NFIC
|9 317658
|a DEM
|b DEM
|d 2020-09-14
|l 0
|o 301.32 DEM/B
|p DEM26
|r 2020-09-14
|w 2020-09-14
|y BK
|